| 000 | 00702cam a2200229 a 4500 | ||
|---|---|---|---|
| 999 |
_c2169 _d2169 |
||
| 001 | 2100182 | ||
| 003 | OSt | ||
| 005 | 20230317084410.0 | ||
| 008 | 020111s1989 nyua j 000 0 eng d | ||
| 020 | _a9780394800196 | ||
| 040 |
_cT _dKH8 |
||
| 082 | 0 | 4 | _a813.54 LES |
| 100 | 1 |
_aLeSieg, Theo., _d1904- _eauthor |
|
| 245 | 1 | 0 |
_aTen apples up on top! / _cBy Theo. LeSieg ; illustrated by Roy McKie. |
| 260 |
_aNew York : _bBeginner Books, _c1989. |
||
| 300 |
_a59 p. : _bcol. ill. ; _c24 cm. |
||
| 440 | 0 |
_aBeginner books ; _vB-19. |
|
| 500 | _aOriginally published 1961. | ||
| 520 | _aA lion, a dog, and a tiger balance apples on their heads. | ||
| 700 | 1 |
_aMcKie, Roy. _eillustrator |
|
| 942 |
_2ddc _cNFIC |
||